[Event "Bosnjaci op 28th"]
[Site "Bosnjaci"]
[Date "2024.01.06"]
[Round "5"]
[White "Culum, Sanjin"]
[Black "Pavic, Filip"]
[Result "1-0"]
[WhiteElo "2349"]
[BlackElo "2261"]
[PlyCount "53"]
[EventDate "2024.01.03"]
[EventType "swiss"]
[EventRounds "9"]
[EventCountry "CRO"]
[SourceTitle "CB02_2024"]
[SourceDate "2024.01.10"]
[SourceVersion "1"]
[SourceVersionDate "2024.01.10"]
[SourceQuality "1"]

1. e4 c6 2. d4 d5 3. e5 Bf5 4. h4 h6 5. g4 Be4 6. f3 Bh7 7. e6 Qd6 8. exf7+ Kxf7 9. f4 Nf6 10. Nf3 Nxg4 11. Bh3 Nf6 12. Ne5+ Ke8 13. Nc3 e6 14. Qe2 Be7 15. Be3 Bf5 16. Qg2 Kf8 17. Bxf5 exf5 18. Qg6 Qe6 19. Ne2 Bd6 20. Ng3 Bxe5 21. dxe5 Qe8 22. Qxf5 Nbd7 23. 0-0-0 Kg8 24. Rhg1 Nf8 25. Bd4 N6d7 26. Nh5 Ne6 27. Rg6 1-0

[Event "SLO-chT 32nd"]
[Site "Ljubljana"]
[Date "2022.10.29"]
[Round "8.3"]
[White "Hercog, Nusa"]
[Black "Pavic, Filip"]
[Result "0-1"]
[WhiteElo "2019"]
[BlackElo "2274"]
[PlyCount "113"]
[EventDate "2022.09.02"]
[EventType "team-tourn"]
[EventRounds "9"]
[EventCountry "SLO"]
[SourceTitle "EXT 2024"]
[Source "ChessBase"]
[SourceDate "2023.10.10"]
[SourceVersion "1"]
[SourceVersionDate "2023.10.10"]
[SourceQuality "1"]
[WhiteTeam "Celje"]
[BlackTeam "Zalec"]
[WhiteTeamCountry "SVK"]
[BlackTeamCountry "SVK"]

1. d4 Nf6 2. c4 e6 3. Nf3 Bb4+ 4. Nc3 0-0 5. Bg5 h6 6. Bh4 d6 7. e3 Qe7 8. Be2 e5 9. 0-0 Bxc3 10. bxc3 Bf5 11. Nd2 c5 12. Bxf6 Qxf6 13. e4 Bc8 14. d5 Qg6 15. Kh1 f5 16. f4 fxe4 17. fxe5 Rxf1+ 18. Nxf1 dxe5 19. Ng3 Nd7 20. Bh5 Qh7 21. Qg4 Nf6 22. Qg6 Qxg6 23. Bxg6 Bd7 24. Rb1 b6 25. Kg1 Kf8 26. Nxe4 Ke7 27. Re1 Nxe4 28. Bxe4 Rf8 29. g3 Kd6 30. Kg2 Rf6 31. Rb1 Ba4 32. Rb2 Rf7 33. Bg6 Rf8 34. Be4 Bd1 35. Rd2 Ba4 36. Rb2 Rf6 37. Bf3 Be8 38. Be4 Bh5 39. Rd2 Bg4 40. Rb2 Bc8 41. Bd3 g5 42. h3 h5 43. Rb1 h4 44. Re1 hxg3 45. Kxg3 Bxh3 46. Rh1 g4 47. Be2 Rf4 48. Rc1 Re4 49. Rc2 Rf4 50. Rc1 Rf6 51. Re1 e4 52. Bxg4 Bxg4 53. Kxg4 Ke5 54. Re3 Rg6+ 55. Kh5 Rg8 56. Re2 Rg1 57. Re3 0-1

[Event "CRO Cup"]
[Site "Vodice"]
[Date "2022.05.18"]
[Round "1.1"]
[White "Pavic, Filip"]
[Black "Saric, Ivan"]
[Result "0-1"]
[WhiteElo "2270"]
[BlackElo "2693"]
[PlyCount "110"]
[EventDate "2022.05.18"]
[EventType "team-swiss"]
[EventRounds "6"]
[EventCountry "CRO"]
[SourceTitle "CBM 208 Extra"]
[Source "ChessBase"]
[SourceDate "2022.07.31"]
[SourceVersion "1"]
[SourceVersionDate "2022.07.31"]
[SourceQuality "1"]
[WhiteTeam "Busevec Polet"]
[BlackTeam "Rijeka Liburnija"]
[WhiteTeamCountry "CRO"]
[BlackTeamCountry "CRO"]

1. e4 c5 2. Nf3 d6 3. Bb5+ Bd7 4. Bxd7+ Nxd7 5. 0-0 Ngf6 6. Qe2 e6 7. c3 Be7 8. d4 0-0 9. Rd1 cxd4 10. cxd4 Rc8 11. Nc3 Nb6 12. Rd3 Qd7 13. Bf4 Na4 14. Nxa4 Qxa4 15. Ra3 Qc2 16. Qxc2 Rxc2 17. Rxa7 Rxb2 18. Nd2 Rc8 19. Nc4 Rxc4 20. Ra8+ Bf8 21. Bxd6 Nd7 22. Rd8 Rd2 23. e5 Rcxd4 24. g3 f6 25. f4 Rxd6 26. exd6 Rxd6 27. Rc1 Kf7 28. Rc7 Ke7 29. Rb8 b6 30. Kg2 e5 31. f5 Rd2+ 32. Kf3 Rxa2 33. Rxb6 Kd8 34. Rbb7 Ra3+ 35. Ke2 Nc5 36. Ra7 Rxa7 37. Rxa7 Ne4 38. g4 Ke8 39. Ra8+ Kf7 40. Ke3 Nd6 41. Ra7+ Be7 42. h4 h5 43. Kf3 e4+ 44. Kf4 hxg4 45. Ra2 Nb5 46. Rb2 Bd6+ 47. Kxe4 Nc3+ 48. Kd3 Be5 49. Rb7+ Kg8 50. Ke3 Nd5+ 51. Ke4 Nf4 52. Rb3 Ne2 53. Rd3 Ng3+ 54. Kd5 Nxf5 55. h5 g3 0-1

[Event "SLO-chT NML 31st"]
[Site "Ptuj/Grosuplje"]
[Date "2021.10.24"]
[Round "9.5"]
[White "Pavic, Filip"]
[Black "Lenic, Luka"]
[Result "0-1"]
[WhiteElo "2237"]
[BlackElo "2627"]
[PlyCount "132"]
[EventDate "2021.10.08"]
[EventType "team-tourn"]
[EventRounds "9"]
[EventCountry "SLO"]
[SourceTitle "EXT 2023"]
[Source "ChessBase"]
[SourceDate "2022.10.05"]
[SourceVersion "1"]
[SourceVersionDate "2022.10.05"]
[SourceQuality "1"]
[WhiteTeam "Zalec"]
[BlackTeam "Ljubljana Tajfun"]
[WhiteTeamCountry "SLO"]
[BlackTeamCountry "SLO"]

1. e4 c5 2. Nf3 Nc6 3. d4 cxd4 4. Nxd4 e5 5. Nb5 d6 6. N1c3 a6 7. Na3 Be6 8. Nc4 Rb8 9. Ne3 Nf6 10. Bd3 g6 11. 0-0 Bg7 12. Ned5 Nd7 13. Be3 0-0 14. Qd2 Nc5 15. a4 Nd4 16. a5 f5 17. Bg5 Qd7 18. Nb6 Qf7 19. b4 Nxd3 20. Qxd3 fxe4 21. Nxe4 d5 22. Ng3 h6 23. Be3 Nb5 24. Qd2 h5 25. c3 h4 26. Ne2 h3 27. f3 hxg2 28. Kxg2 Rbd8 29. Rad1 d4 30. cxd4 exd4 31. Bg5 Rde8 32. Ng3 Kh7 33. Rde1 Nc3 34. Ne4 Qc7 35. Rf2 Qc6 36. Bf4 Nxe4 37. Rxe4 Bf5 38. Rxe8 Rxe8 39. Re2 d3 40. Rxe8 Qxe8 41. Nc4 Qc6 42. Nd6 Bc3 43. Qe3 Qd7 44. Ne4 Bxb4 45. Qf2 Bh3+ 46. Kg3 Qe6 47. Nd2 Bf5 48. Be3 Bxa5 49. f4 Bg4 50. h3 Be2 51. Kh2 Bd8 52. Bd4 Bd1 53. Be5 Ba4 54. Qd4 Qd7 55. Qb4 Be7 56. Qc4 Qe8 57. Qc7 Qd7 58. Qc4 Bd8 59. Bb2 Qe8 60. Ne4 Bc6 61. Qd4 Qf8 62. Ng5+ Bxg5 63. fxg5 Qb8+ 64. Kg1 Qg3+ 65. Kf1 Qf3+ 66. Ke1 Qe2# 0-1

[Event "FIDE World Uni Blitz-C 1st"]
[Site "Tornelo INT"]
[Date "2021.03.13"]
[Round "3.27"]
[White "Vikrant, Jaglan"]
[Black "Pavic, Filip"]
[Result "0-1"]
[WhiteElo "1626"]
[BlackElo "2243"]
[PlyCount "88"]
[EventDate "2021.03.13"]
[EventType "swiss (blitz)"]
[EventRounds "10"]
[EventCountry "NET"]
[SourceTitle "EXT 2022"]
[Source "ChessBase"]
[SourceDate "2021.10.06"]
[SourceVersion "1"]
[SourceVersionDate "2021.10.06"]
[SourceQuality "1"]

1. e4 c6 2. d4 d5 3. exd5 cxd5 4. Bd3 Nc6 5. Ne2 g6 6. 0-0 Bg7 7. Be3 Nf6 8. Nd2 Nb4 9. Bb5+ Bd7 10. Bxd7+ Qxd7 11. Nb3 b6 12. c3 Nc6 13. a4 0-0 14. a5 Ne4 15. Bf4 h5 16. Re1 Nd6 17. Bxd6 Qxd6 18. Qd3 e6 19. Kh1 Ne7 20. Ng1 Nf5 21. Nf3 Qf4 22. Re2 Nd6 23. Rae1 Ne4 24. g3 Qh6 25. Kg2 f5 26. Nbd2 g5 27. h4 g4 28. Ng5 Nxg5 29. hxg5 Qxg5 30. Rxe6 f4 31. Qg6 f3+ 32. Kg1 Qxg6 33. Rxg6 Rfe8 34. Rge6 Kf7 35. Rxe8 Rxe8 36. Rxe8 Kxe8 37. axb6 axb6 38. Nf1 Bh6 39. Ne3 Bxe3 40. fxe3 b5 41. Kf2 Ke7 42. b3 Ke6 43. e4 dxe4 44. c4 bxc4 0-1

[Event "Zagreb Hulak Memorial op 4th"]
[Site "Zagreb"]
[Date "2019.12.09"]
[Round "4"]
[White "Drnovsek, Gal"]
[Black "Pavic, Filip"]
[Result "1/2-1/2"]
[WhiteElo "2388"]
[BlackElo "2238"]
[PlyCount "51"]
[EventDate "2019.12.07"]
[EventType "swiss"]
[EventRounds "9"]
[EventCountry "CRO"]
[SourceTitle "CBM 193 Extra"]
[Source "ChessBase"]
[SourceDate "2020.01.31"]
[SourceVersion "1"]
[SourceVersionDate "2020.01.31"]
[SourceQuality "1"]

1. d4 Nf6 2. c4 e6 3. Nc3 Bb4 4. Qc2 0-0 5. Nf3 d5 6. Bg5 h6 7. Bh4 c5 8. dxc5 Nbd7 9. a3 Qa5 10. Rc1 Bxc3+ 11. Qxc3 Qxc3+ 12. Rxc3 Ne4 13. Rc2 g5 14. Bg3 Ndxc5 15. e3 Bd7 16. b4 Ba4 17. Rb2 Nd7 18. Nd2 Nxd2 19. Kxd2 dxc4 20. Bxc4 Rfd8 21. Bd3 Rac8 22. Rc1 Rxc1 23. Kxc1 Ne5 24. Bxe5 Rxd3 25. Rd2 Rxd2 26. Kxd2 1/2-1/2

[Event "SLO-chT1 East 29th"]
[Site "Slovenia"]
[Date "2019.10.19"]
[Round "8.2"]
[White "Hercog, Nusa"]
[Black "Pavic, Filip"]
[Result "1/2-1/2"]
[WhiteElo "1959"]
[BlackElo "2248"]
[PlyCount "81"]
[EventDate "2019.09.06"]
[EventType "team-tourn"]
[EventRounds "9"]
[EventCountry "SLO"]
[SourceTitle "CBM 192 Extra"]
[Source "Chessbase"]
[SourceDate "2019.11.06"]
[SourceVersion "1"]
[SourceVersionDate "2019.11.06"]
[SourceQuality "1"]
[WhiteTeam "Celjski"]
[BlackTeam "Zalec"]
[WhiteTeamCountry "SLO"]
[BlackTeamCountry "SLO"]

1. d4 Nf6 2. c4 e6 3. Nf3 Bb4+ 4. Nbd2 0-0 5. e3 b6 6. a3 Be7 7. Be2 Bb7 8. Qc2 c5 9. dxc5 bxc5 10. b3 d6 11. 0-0 Nbd7 12. Bb2 Qc7 13. Bd3 Rab8 14. Bc3 h6 15. e4 Ng4 16. h3 Nge5 17. Be2 Nc6 18. Rfe1 e5 19. Bd3 Nd4 20. Bxd4 cxd4 21. b4 Nf6 22. Nb3 Nh5 23. Bf1 Bc8 24. c5 Bd7 25. Qd2 Nf4 26. cxd6 Qxd6 27. Nc5 Bc6 28. g3 Ne6 29. Nd3 Bg5 30. Qa2 Bf6 31. Rac1 Rfc8 32. Nc5 Nxc5 33. Rxc5 Bd7 34. Rec1 Rxc5 35. Rxc5 Rc8 36. Rxc8+ Bxc8 37. Qc2 Bb7 38. Nd2 Qc6 39. Qxc6 Bxc6 40. b5 Bd7 41. a4 1/2-1/2

[Event "CRO Cup"]
[Site "Mali Losinj"]
[Date "2018.05.17"]
[Round "3.91"]
[White "Martic, Zlatko"]
[Black "Pavic, Filip"]
[Result "1/2-1/2"]
[WhiteElo "2261"]
[BlackElo "2233"]
[PlyCount "22"]
[EventDate "2018.05.16"]
[EventType "team-swiss"]
[EventRounds "6"]
[EventCountry "CRO"]
[SourceTitle "CBM 184 Extra"]
[Source "ChessBase"]
[SourceDate "2018.06.28"]
[SourceVersion "1"]
[SourceVersionDate "2018.06.28"]
[SourceQuality "1"]
[WhiteTeam "Slavonski Brod"]
[BlackTeam "Busevec Polet"]
[WhiteTeamCountry "CRO"]
[BlackTeamCountry "CRO"]

1. d4 Nf6 2. Nf3 e6 3. e3 b6 4. Bd3 Bb7 5. 0-0 c5 6. b3 Be7 7. Bb2 0-0 8. Nbd2 cxd4 9. exd4 d6 10. c4 Nbd7 11. Rc1 Re8 1/2-1/2

[Event "Wch U20 56th"]
[Site "Tarvisio"]
[Date "2017.11.22"]
[Round "9"]
[White "Pavic, Filip"]
[Black "Tarini, Goyal"]
[Result "1/2-1/2"]
[WhiteElo "2228"]
[BlackElo "2062"]
[PlyCount "66"]
[EventDate "2017.11.13"]
[EventType "swiss"]
[EventRounds "11"]
[EventCountry "ITA"]
[SourceTitle "CBM 181 Extra"]
[Source "ChessBase"]
[SourceDate "2017.12.12"]
[SourceVersion "1"]
[SourceVersionDate "2017.12.12"]
[SourceQuality "1"]

1. e4 c6 2. d4 d5 3. e5 Bf5 4. Nf3 e6 5. Be2 Ne7 6. 0-0 Bg6 7. Nbd2 Nf5 8. c4 Nd7 9. cxd5 cxd5 10. Nb3 h5 11. Bg5 Be7 12. Bxe7 Nxe7 13. Rc1 Nf5 14. Nc5 Nxc5 15. Rxc5 0-0 16. Qa4 Qb6 17. b4 h4 18. Rfc1 Bh5 19. b5 h3 20. g3 a6 21. Qb4 axb5 22. Rxb5 Qa7 23. Rxb7 Qxa2 24. Bd1 Bxf3 25. Bxf3 Qa3 26. Qxa3 Rxa3 27. Bg4 Nxd4 28. Kf1 Nf3 29. Bxf3 Rxf3 30. Ke2 Rf5 31. f4 g5 32. Kf3 Ra8 33. Rcb1 gxf4 1/2-1/2

[Event "Wch U20 56th"]
[Site "Tarvisio"]
[Date "2017.11.16"]
[Round "4"]
[White "Dimic, Pavle"]
[Black "Pavic, Filip"]
[Result "1/2-1/2"]
[WhiteElo "2357"]
[BlackElo "2228"]
[PlyCount "111"]
[EventDate "2017.11.13"]
[EventType "swiss"]
[EventRounds "11"]
[EventCountry "ITA"]
[SourceTitle "CBM 181 Extra"]
[Source "ChessBase"]
[SourceDate "2017.12.12"]
[SourceVersion "1"]
[SourceVersionDate "2017.12.12"]
[SourceQuality "1"]

1. d4 Nf6 2. c4 e6 3. Nf3 b6 4. a3 Bb7 5. Nc3 d5 6. Bf4 Be7 7. e3 0-0 8. Qc2 c5 9. dxc5 bxc5 10. Be2 Nbd7 11. Rd1 Nb6 12. 0-0 Nh5 13. Be5 f6 14. Bg3 Nxg3 15. hxg3 f5 16. cxd5 exd5 17. Bd3 Qc8 18. a4 g6 19. a5 Nd7 20. a6 Bc6 21. Be2 Nf6 22. Ne5 Rd8 23. Bf3 Ne4 24. Bxe4 fxe4 25. Qb3 c4 26. Nxc6 Qxc6 27. Qb7 Qxb7 28. axb7 Rab8 29. Nxd5 Bg5 30. Nc3 Rxb7 31. Nxe4 Be7 32. Rxd8+ Bxd8 33. Rc1 Rxb2 34. Rxc4 Rb1+ 35. Kh2 Bb6 36. g4 a5 37. Nf6+ Kf7 38. Nd5 Ke6 39. Nxb6 Rxb6 40. Ra4 Ra6 41. f4 Kd5 42. Kg3 Kc5 43. Kf3 Kb5 44. Ra1 a4 45. f5 a3 46. e4 Kc6 47. Kf4 Kd6 48. e5+ Ke7 49. Ra2 Kf7 50. e6+ Kf6 51. g5+ Ke7 52. g4 Ra4+ 53. Kg3 Ra5 54. Kf4 Ra4+ 55. Kg3 Ra5 56. Kf4 1/2-1/2

[Event "Wch U20 56th"]
[Site "Tarvisio"]
[Date "2017.11.15"]
[Round "3"]
[White "Rakotomaharo, Fy Antenaina"]
[Black "Pavic, Filip"]
[Result "1-0"]
[WhiteElo "2414"]
[BlackElo "2228"]
[PlyCount "59"]
[EventDate "2017.11.13"]
[EventType "swiss"]
[EventRounds "11"]
[EventCountry "ITA"]
[SourceTitle "CBM 181 Extra"]
[Source "ChessBase"]
[SourceDate "2017.12.12"]
[SourceVersion "1"]
[SourceVersionDate "2017.12.12"]
[SourceQuality "1"]

1. e4 c5 2. Nf3 d6 3. d4 cxd4 4. Nxd4 Nf6 5. Nc3 a6 6. h4 e5 7. Nb3 Be6 8. f4 Nc6 9. f5 Bxb3 10. axb3 d5 11. exd5 Nd4 12. Bd3 Nxd5 13. Bg5 Be7 14. Nxd5 Qxd5 15. Qg4 Rc8 16. f6 Bb4+ 17. c3 0-0 18. cxb4 e4 19. Be3 g6 20. 0-0 Nf5 21. Rxf5 Qxf5 22. Qxf5 gxf5 23. Bc4 b5 24. Bd5 Rfd8 25. Bb7 Rb8 26. Bxa6 Rd3 27. Bc5 Rxb3 28. Bxb5 h5 29. Bc4 Rxb2 30. Ra7 1-0

[Event "Bosnjaci op 22nd"]
[Site "Bosnjaci"]
[Date "2017.01.06"]
[Round "6"]
[White "Bogdanic, Katarina"]
[Black "Pavic, Filip"]
[Result "1/2-1/2"]
[WhiteElo "1909"]
[BlackElo "2269"]
[PlyCount "54"]
[EventDate "2017.01.03"]
[EventType "swiss"]
[EventRounds "9"]
[EventCountry "CRO"]
[SourceTitle "CBM 176 Extra"]
[Source "ChessBase"]
[SourceDate "2017.03.02"]
[SourceVersion "1"]
[SourceVersionDate "2017.03.02"]
[SourceQuality "1"]

1. c4 c5 2. g3 Nc6 3. Bg2 g6 4. Nc3 Bg7 5. Nf3 d6 6. d3 Bf5 7. 0-0 Qd7 8. Qb3 Rb8 9. Bf4 Bh3 10. Bxh3 Qxh3 11. Ne4 h6 12. d4 g5 13. d5 gxf4 14. dxc6 Qc8 15. cxb7 Rxb7 16. Qa4+ Qd7 17. Qxd7+ Kxd7 18. Rab1 fxg3 19. Nxg3 Bxb2 20. Rfd1 Kc7 21. Nf5 Bf6 22. Rxb7+ Kxb7 23. Nd2 h5 24. Ne4 Kc7 25. Rd3 Nh6 26. Nfxd6 exd6 27. Nxf6 Ng4 1/2-1/2

[Event "Bosnjaci op 22nd"]
[Site "Bosnjaci"]
[Date "2017.01.04"]
[Round "3"]
[White "Fercec, Nenad"]
[Black "Pavic, Filip"]
[Result "1-0"]
[WhiteElo "2467"]
[BlackElo "2269"]
[PlyCount "87"]
[EventDate "2017.01.03"]
[EventType "swiss"]
[EventRounds "9"]
[EventCountry "CRO"]
[SourceTitle "CBM 176 Extra"]
[Source "ChessBase"]
[SourceDate "2017.03.02"]
[SourceVersion "1"]
[SourceVersionDate "2017.03.02"]
[SourceQuality "1"]

1. e4 c5 2. Nf3 d6 3. d4 cxd4 4. Nxd4 Nf6 5. Nc3 a6 6. h3 e5 7. Nb3 Be6 8. f4 Nc6 9. f5 Bxb3 10. axb3 d5 11. exd5 Nb4 12. Bc4 b5 13. Nxb5 axb5 14. Bxb5+ Nd7 15. Rxa8 Qxa8 16. c3 Qxd5 17. Bxd7+ Qxd7 18. Qxd7+ Kxd7 19. cxb4 Bxb4+ 20. Ke2 Rc8 21. Kd3 Ke7 22. Bg5+ f6 23. Be3 g6 24. g4 gxf5 25. gxf5 Kd6 26. Ke4 Rc2 27. Rd1+ Kc6 28. Rc1 Rxc1 29. Bxc1 h5 30. Bh6 Be1 31. Bg7 Bh4 32. Bf8 Be1 33. b4 Bd2 34. Kd3 Bg5 35. Kc4 Bh4 36. b5+ Kb6 37. Bc5+ Kb7 38. Kd5 Bg3 39. Ke6 Bh4 40. Be3 Kc7 41. Bc5 Kb7 42. Kd5 Bg3 43. Bd6 h4 44. Be7 1-0